| 000 | 00445nam a2200169Ia 4500 | ||
|---|---|---|---|
| 008 | 210210b1999 xxu||||| |||| 00| 0 eng d | ||
| 020 | _a0 201 52628 X | ||
| 041 | _aeng | ||
| 082 | _a576.028 CAPM | ||
| 100 | _aCAPPUCCINO (James G) and SHERMAN (Natalie). | ||
| 245 | _aMicrobiology a laboratory manual. Ed 4. | ||
| 250 | _a | ||
| 260 |
_aEngland. _bNot Mentioned _c1999 |
||
| 300 | _axvii,477 | ||
| 690 | _aMicrobiology | ||
| 906 | _aSG03851 | ||
| 999 |
_c114440 _d114440 |
||